| 000 | 00461nam a2200181Ia 4500 | ||
|---|---|---|---|
| 001 | 2796 | ||
| 005 | 20260306144833.0 | ||
| 008 | 260306t1964||||xx |||||||||||||| ||spa|| | ||
| 041 | _aESP | ||
| 082 |
_a230 _bT38 |
||
| 100 |
_aReinisch, Leonhard _eAUT |
||
| 245 | 0 |
_aTeología actual: _bdiálogo teológico entre protestantes y católicos |
|
| 260 | _c1964 | ||
| 300 |
_a277 páginas : _c19 cm. |
||
| 650 | _aGEN | ||
| 654 | _aCHU | ||
| 942 |
_cLIB _dJUS _fJUS _2ddc _n |
||
| 999 |
_c2796 _d2796 |
||